Arxius Municipals de Districte : territori i memòria, 20 anys / Daniel Venteo ; introducció de Joaquim Borràs territori i memòria, 20 anys / Daniel Venteo ; introducció de Joaquim Borràs
Descripción Física:
185 p. : fot. col. ; 22 cm
Colección:
Memòria de Barcelona
Otros Autores:
Borràs, Joaquim
MARC
| LEADER | 00000nam a2200000Ia 4500 | ||
|---|---|---|---|
| 001 | 21394 | ||
| 008 | 160829s2008 xx 000 0 cat d | ||
| 080 | |a A-2-352 | ||
| 100 | 1 | |a Venteo, Daniel |9 54060 | |
| 245 | |a Arxius Municipals de Districte : |b territori i memòria, 20 anys / Daniel Venteo ; introducció de Joaquim Borràs | ||
| 260 | |a Barcelona : |b Ajuntament de Barcelona, Arxiu Municipal de Barcelona, |c 2008 | ||
| 300 | |a 185 p. : |b fot. col. ; |c 22 cm | ||
| 490 | |a Memòria de Barcelona | ||
| 590 | |a Publicat amb motiu del 20è aniversari de la creació de la xarxa d'arxius municipals de Districte | ||
| 650 | |a Arxiu Municipal de Barcelona | ||
| 650 | |a Arxius municipals |x Barcelona |x Història |9 44454 | ||
| 650 | |a Arxivers |9 44455 | ||
| 700 | |a Borràs, Joaquim |9 44456 | ||
| 710 | 1 | |a Barcelona (Catalunya). |b Ajuntament |9 50981 | |
| 710 | 2 | |a Arxiu Municipal de Barcelona |9 55021 | |
| 901 | |a Arxiu | ||
| 942 | |n 1 | ||
| 952 | |0 0 |1 0 |4 0 |6 A2352 |7 1 |9 51949 |a Arxiu |b Arxiu |d 2016-12-01 |l 0 |o A-2-352 |p 21394 |r 2016-12-01 00:00:00 |w 2016-12-01 |y ARXIU | ||
| 999 | |c 55796 |d 55796 | ||